[Event "Metz op 30th"]
[Site "Metz"]
[Date "2012.04.23"]
[Round "3"]
[White "Zubarev, Alexander2"]
[Black "Malakhatko, Vadim"]
[Result "1/2-1/2"]
[WhiteElo "2597"]
[BlackElo "2532"]
[Annotator "Metz Alekhine/Primel,D"]
[PlyCount "58"]
[EventDate "2012.04.14"]
[EventType "swiss"]
[EventRounds "9"]
[EventCountry "FRA"]
[SourceTitle "EXT 2013"]
[Source "ChessBase"]
[SourceDate "2012.11.22"]
[SourceVersion "1"]
[SourceVersionDate "2012.11.22"]
[SourceQuality "1"]

1. d4 d5 2. Nf3 a6 $5 {Une ligne secondaire pouvant transposer sur un gambit
dame accepté} 3. Bg5 (3. c4 dxc4 4. e3) 3... Nf6 (3... Bg4 4. Qd3 Nc6 5. Nbd2
Qd7 6. c4 e6 7. cxd5 exd5 8. Rc1 f6 9. Bf4 Bd6 10. Bxd6 Qxd6 11. g3 Nge7 12.
Bg2 Qe6 13. O-O Bh3 14. Nb3 Bxg2 15. Kxg2 Qf5 16. Rfd1 Qxd3 17. Rxd3 O-O-O 18.
Nc5 Rd6 19. Rdc3 a5 20. Nd3 b6 21. e3 Kb7 22. g4 Rc8 23. h4 Nd8 24. Ng1 Ne6 25.
Ne2 c6 26. Ng3 g6 27. h5 Rd7 28. Ne2 Rdc7 29. Nef4 Nf8 30. hxg6 hxg6 31. R3c2
g5 32. Nh5 Nd7 33. b3 {Sasikiran,K (2700)-Socko,B (2636) Moscow 2012 1/2-1/2})
4. Nbd2 Ne4 $146 (4... e6 5. e4 dxe4 6. Bxf6 Qxf6 7. Nxe4 Qd8 8. Bd3 Be7 9. O-O
O-O 10. Qe2 Nd7 11. Rad1 Nf6 12. c4 b6 13. Nxf6+ Bxf6 14. Qe4 g6 15. Qxa8 Bxd4
16. Be4 {1-0 (16) Vidovic,S (2245)-Res,R Porec 1998}) 5. Bh4 Bf5 6. e3 c6 7.
Nxe4 Bxe4 8. Bd3 (8. Nd2 Bg6 9. Bd3 Bxd3 10. cxd3) 8... Qa5+ 9. c3 Bxd3 10.
Qxd3 Qb5 11. Qc2 a5 (11... e6 12. a4) 12. a4 Qa6 {[%csl Ra6] Même si le centre
est fermé, les Noirs n'ont toujours pas totalement égalisé et la Na6 manque
d'activité} 13. e4 Nd7 14. O-O-O e6 15. Rhe1 $32 {[%csl Ra6,Re8][%cal Ge1e8,
Ge4d5]} Bd6 16. Kb1 h6 {Condamne le K Noir а rester au centre mais les Noirs
sont déjà en danger.} (16... O-O {Avec un retard de développement, le roque
était également dangereux.} 17. e5 Bc7 18. Ng5 g6 19. Re3 h6 (19... b5 20. Rh3
b4 21. Nxh7 $1) 20. Nxe6 {[%cal Gc2g6]}) 17. exd5 $1 $14 cxd5 18. Rxe6+ $5 {
[%csl Rg6] Un véritable sacrifice intuitif mais paradoxalement, c'est
peut-être aussi la meilleure chance pratique des Noirs et la poussée h6 avait
probablement pour objet de provoquer ce sacrifice pour obtenir des positions
peu claires.} (18. g4 Rb8 (18... b5 19. Rxe6+ $5 {Le sacrifice semble réalisé
dans des conditions un peu plus favorables que dans la partie.}) 19. Bg3 Bxg3
20. hxg3 b5 21. g5 b4 $132) 18... fxe6 19. Qg6+ Kf8 20. Qxe6 Nf6 21. Bxf6 Re8
$1 22. Qf5 gxf6 23. Nh4 $1 {[%cal Gd1d3,Gh4g6]} (23. Qxf6+ $143 {Il manque un
tempo aux Blancs pour ramener du soutien en attaque et ils doivent se
contenter de la nulle avec l'échec perpétuel} Kg8 24. Qg6+ Kf8) 23... Bb8 {
[%cal Ga6e6]} 24. Ng6+ Kg7 25. Nxh8 Kxh8 26. Qg6 Qe6 27. Qxh6+ Kg8 28. Qg6+ Kh8
29. Qh6+ Kg8 1/2-1/2

[Event "EU-ch (Women) 14th"]
[Site "Belgrade"]
[Date "2013.07.31"]
[Round "8"]
[White "Gunina, Valentina"]
[Black "Hoang, Thanh Trang"]
[Result "0-1"]
[WhiteElo "2507"]
[BlackElo "2467"]
[Annotator "Mikhalchishin,A"]
[PlyCount "124"]
[EventDate "2013.07.23"]
[EventType "swiss"]
[EventRounds "11"]
[EventCountry "SRB"]
[SourceTitle "CBM 156"]
[Source "ChessBase"]
[SourceDate "2013.09.17"]
[SourceVersion "1"]
[SourceVersionDate "2013.09.17"]
[SourceQuality "1"]

1. Nf3 d5 2. g3 Nf6 3. Bg2 c5 4. d4 cxd4 5. O-O e6 ({Some smart guys play here
} 5... h6 6. Nxd4 e5) 6. Nxd4 e5 7. Nb3 Be6 8. Bg5 ({There is a possible
different way of attacking the centre:} 8. Nc3 Be7 9. f4 exf4 10. gxf4 g6 11.
Nd4 (11. Kh1 Nc6 12. Be3 O-O 13. Nd4 Ng4 14. Nxe6 fxe6 15. Bg1 Nh6 16. e4 dxe4
17. Nxe4 Qc7 18. c3 $1 $14 {Romanishin,O-Ulybin,M/Moscow (ol) 1994/1/2-1/2 (69)
}) 11... Bc5 $5 (11... Bg4 12. Qd3 (12. h3 $1 Bh5 $140 13. Nb3 {[%csl Rd5]})
12... Nc6 13. h3 {1/2-1/2 Krasenkov,M-Horvath,J/Budapest Noviki-A 1989}) 12.
Na4 Bxd4+ 13. Qxd4 Nc6 14. Qc3 $6 d4 $1 15. Bxc6+ $142 (15. Qa3 {Koniushkov,
I-Ulibin,M/RUS-Cup6 1997/0-1(49)}) 15... bxc6 16. Qxc6+ Kf8 $1 17. Nc5 Bf5 $44)
8... Nbd7 9. e4 ({Another option is} 9. e3 h6 10. Bxf6 Nxf6 11. Qe2 Be7 12. Nc3
Qc8 $5 13. Rad1 $146 e4 14. Nd4 Bd7 $2 (14... O-O $11) 15. f3 {Lputian,
S-Rublevsky,S/New Delhi/Theran 2000'} Bb4 (15... exf3 16. Bxf3 Bc6 17. e4 $1
dxe4 18. Bxe4 Nxe4 19. Nxe4 O-O 20. Nf5 $40) 16. Ndb5 $1 {with advantage,
Lputian,S (2598)-Rublevsky,S (2670)/New Delhi (m/1) 2001}) (9. Nc3 $5 h6 $6 10.
Bxf6 Nxf6 11. Qd3 $1 {[%cal Yd3b5,Ga1d1] @} Qd7 12. Rad1 d4 13. Ne4 Rc8 14. c3
dxc3 15. Qf3 Qe7 16. Nxc3 e4 17. Qe3 $16 {/+- Anikaev,Y-Totsky,L,Smolensk,1991/
1-0}) 9... dxe4 10. Nc3 (10. Bxe4 $6 {has been tried here:} Qc7 11. Bg2 Be7 12.
Nc3 a6 13. Re1 O-O $11 {Nehse,G-Prudnikova,S/Halle-W 1987/0-1(38)}) {More
active options were possible too} 10... Be7 (10... Qc7 $5 11. Nxe4 Nxe4 12.
Bxe4 h6 13. Bd2 Be7 $11 {Savchenko,S-Rublevsky,S/Luzern 1997/CBM 62}) (10... h6
11. Bxf6 Nxf6 12. Qe2 Qc7 13. Rfd1 Bg4 14. Qb5+ Bd7 15. Qe2 Bg4 16. Nd5 Nxd5
17. Qxg4 Nf6 18. Qe2 $14 {Podzielny,K-Schischke,R/Germany 1996/GER}) 11. Bxf6 (
{In a top game} 11. Nxe4 {was tried:} Nxe4 12. Bxe7 Qxe7 13. Bxe4 Nf6 $5 {
the white bishop is extremly strong over the diagonal a8-h1 and Kasparov finds
a plan to neutralise it with f5-e4.} 14. Bg2 O-O 15. Re1 Qc7 16. Qe2 Nd7 17. c4
$5 Rac8 {Kramnik,V (2802)-Kasparov,G (2838)/Moscow 2001 Black has comfortable
play.}) 11... Nxf6 12. Qxd8+ ({Or} 12. Nxe4 Qc7 13. Re1 O-O 14. Qe2 Nd7 15.
Rad1 Rac8 16. c3 Rfd8 17. Qe3 h6 18. h4 a5 $13 {Romanishin,O-Rublevsky,S/
Istanbul 2000}) 12... Rxd8 13. Nxe4 Nxe4 14. Bxe4 b6 15. Bc6+ Bd7 ({Keeping
the bishop pair was very good:} 15... Kf8 16. Rad1 Rxd1 17. Rxd1 f5) 16. Bxd7+
Kxd7 17. f4 exf4 ({It was very tempting to create a protected passed pawn:} 
17... e4 18. Kf2 f5 19. Ke3 Bf6 20. c3 Ke6) 18. Rxf4 Bf6 19. Ra4 a5 20. Rc4
Rhe8 ({A better rook ending occurs after} 20... Bxb2 21. Rd1+ Ke7 22. Re1+ Kf8
23. Rc7 Bf6 24. a4 g6 25. Rc6 Kg7 26. Rxb6 Bd4+ 27. Nxd4 Rxd4) 21. Rd1+ Ke7 22.
Re4+ Kf8 23. Rxe8+ Rxe8 24. c3 a4 25. Nd4 Re4 ({It was possible to start a
diversion against White's pawns immediately} 25... a3 26. bxa3 Re3) 26. Nf3 $2
({Gunina was terribly afraid of the pawn ending after} 26. Kf2 Bxd4+ 27. Rxd4
Rxd4 28. cxd4) 26... a3 $1 {Now the white pawns became, as one famous Soviet
trainer used to say, THE ATHENS RUINS!} 27. bxa3 ({There were more practical
chances after the transfer into a 2 against 3 ending on one flank:} 27. Rb1
axb2 28. Rxb2 Re3 29. Kf2 Rxc3 30. Rxb6 Ra3 31. g4 Rxa2+ 32. Ke3) 27... Re3 28.
Kf2 Rxc3 29. Rd2 ({Now this idea did not work} 29. Rb1 Be7 30. Kg2 Bc5 31. a4
Ra3) 29... Rxa3 30. Rc2 g6 31. Ke2 Kg7 32. Nd2 h5 33. Nc4 Ra6 34. Nd6 Be7 35.
Nb5 Bc5 36. Nc3 f5 37. Kd3 Ra8 38. Re2 h4 $1 {A similar idea of destroying the
opponent's pawns is conducted from the other side!} 39. gxh4 Rd8+ 40. Kc2 Rh8
41. Nd5 Rxh4 42. Nc7 Bg1 43. Kd3 Rxh2 {Now the task is easy with two connected
extra pawns.} 44. Re7+ Kf6 45. Nd5+ Kg5 46. a4 Rh4 47. Nc3 Bd4 48. Ne2 Bc5 49.
Ra7 f4 50. Rf7 Rh3+ 51. Kc2 f3 52. Nc3 Kg4 53. Ne4 Rh2+ 54. Kd3 Re2 55. Nf6+
Kg3 56. Ne4+ Rxe4 57. Kxe4 f2 58. Rf6 g5 59. Kd3 Kg2 60. Ke2 g4 61. Rf5 Kg1 62.
a5 bxa5 0-1

[Event "World Women-ch k.o."]
[Site "Teheran"]
[Date "2017.02.16"]
[Round "2.9"]
[White "Batsiashvili, Nino"]
[Black "Khurtsidze, Nino"]
[Result "0-1"]
[WhiteElo "2492"]
[BlackElo "2383"]
[Annotator "Moradiabadi,E"]
[PlyCount "106"]
[EventDate "2017.02.11"]
[EventType "k.o."]
[EventRounds "7"]
[EventCountry "IRI"]
[SourceTitle "CBM 177"]
[Source "ChessBase"]
[SourceDate "2017.03.16"]
[SourceVersion "1"]
[SourceVersionDate "2017.03.16"]
[SourceQuality "1"]

1. d4 Nf6 2. Nf3 d5 3. Bf4 c5 4. e3 Nc6 5. Nbd2 cxd4 6. exd4 Bf5 7. c3 e6 8.
Qb3 Qc8 9. Nh4 Be4 10. Nxe4 dxe4 11. g3 Be7 12. Ng2 Nd5 13. Bb5 O-O 14. O-O a6
15. Bxc6 Qxc6 16. Rae1 Nxf4 17. Nxf4 Bd6 18. Ng2 Rac8 19. Re3 Qd5 20. Rfe1 f5
21. R3e2 Qxb3 22. axb3 Kf7 23. Ne3 g6 24. Nc4 Bc7 25. f3 exf3 26. Rxe6 f4 27.
g4 Rfe8 28. Rxe8 Rxe8 29. Rxe8 Kxe8 30. Kf2 Kf7 31. Kxf3 Kf6 32. h4 h5 33. g5+
Kf5 {Nino Batsiashvili is winning and inches away from advancing to the next
round. She somehow manages to improve her position and at the moment when
Khurtsidze should be ready to resign she commits a horrible blunder. [#]} 34.
d5 b5 35. Nd2 Ke5 36. c4 Kd4 37. Ne4 bxc4 38. d6 Bd8 39. bxc4 Kxc4 40. d7 a5
41. Nd6+ Kb3 42. Kxf4 a4 43. Ke5 Kxb2 44. Nb5 {Less straightforward.} (44. Nb7
Bb6 45. Kd5 a3 46. Kc6 a2 47. Kxb6 a1=Q 48. d8=Q Qg1+ 49. Nc5 {and White is a
piece up.}) 44... Kb3 45. Ke6 $4 {tragic!} (45. Kd5 Kb4 46. Nd6 a3 47. Nb7 a2
48. Nxd8 a1=Q 49. Nc6+ {and White is winning.}) 45... Kb4 $1 {The game is
drawn!} 46. Nd4 Kc3 $4 (46... Kc4 47. Nc6 Bb6 48. Ne5+ Kd4 49. Nc6+ Kc4 50.
Ne5+ Kb5 51. Nd3 a3 52. Nc1 Kc4 53. Na2 Kb3 54. Nc1+ Kb2 55. Nd3+ Kc3 56. Nc1 {
is drawn.}) 47. Nc6 $4 (47. Kd5 {wins!} a3 48. Nb5+ Kb4 49. Nxa3 Kxa3 50. Kc6
Kb4 51. Kb7 Kc5 52. Kc8 Be7 53. d8=Q Bxd8 54. Kxd8 {and the pawn ending is won!
}) 47... Bc7 48. Ne7 {Now the game is drawn but for Nino draw or loss means
the same so she commits the final kamikaze!} Bd8 49. Nxg6 a3 50. Nf4 a2 51. g6
a1=Q 52. g7 Qa2+ 53. Nd5+ Kd4 0-1

[Event "EU-ch 6th"]
[Site "Warsaw"]
[Date "2005.06.29"]
[Round "11"]
[White "Romanishin, Oleg M"]
[Black "Naiditsch, Arkadij"]
[Result "0-1"]
[WhiteElo "2559"]
[BlackElo "2626"]
[Annotator "Mueller,Karsten"]
[PlyCount "145"]
[EventDate "2005.06.18"]
[EventType "swiss"]
[EventRounds "13"]
[EventCountry "POL"]
[SourceTitle "CBM 108"]
[Source "ChessBase"]
[SourceDate "2005.09.26"]
[SourceVersion "1"]
[SourceVersionDate "2005.09.26"]
[SourceQuality "1"]

1. d4 Nf6 2. Nf3 e6 3. g3 c5 4. Bg2 cxd4 5. Nxd4 d5 6. O-O e5 7. Nb3 Be6 8. Nc3
Bb4 9. f4 exf4 10. Bxf4 O-O 11. Nb5 Nc6 12. c3 Qb6+ 13. N5d4 Be7 14. Kh1 Bg4
15. h3 Bd7 16. g4 Ne4 17. Qd3 Bh4 18. Qb5 Qxb5 19. Nxb5 Rad8 20. Bxe4 dxe4 21.
Nc5 Bc8 22. Nd6 f5 23. Ncxb7 Bxb7 24. Nxb7 Rd5 25. c4 Rd4 26. gxf5 Rxc4 27. Nd6
Rb4 28. e3 Rxb2 29. Nxe4 Rxf5 30. Rac1 Ne7 31. Rb1 Rfb5 32. Nc3 Rb7 33. Bd6 Ng6
34. Ba3 Rxb1 35. Rxb1 Rxb1+ 36. Nxb1 Be1 37. Kg2 Kf7 38. Bc5 a6 39. Bd4 Nh4+
40. Kf1 Bb4 41. Ke2 Nf5 42. Ba7 Ke6 43. Kd3 Nd6 44. Bd4 g6 45. a3 Ba5 46. Bc3
Bxc3 47. Nxc3 Ke5 48. Na2 Nb7 49. Nb4 a5 50. Nc6+ Kd5 51. Ne7+ Kd6 52. Nc8+ Kc5
53. e4 Nd8 54. Ne7 Nf7 55. Nd5 Ne5+ 56. Kc3 g5 57. Nf6 h6 58. Ng4 Nf7 59. Nf6
Nd6 60. a4 Nf7 61. Nd7+ Kd6 62. Nb6 Ke5 63. Kd3 Kf4 64. Kd4 h5 65. Nd5+ Kg3 66.
e5 {Weiß hat genug Gegenspiel, um sich halten zu können:} Kxh3 (66... Nd8 67.
Ke4 h4 68. Ne3 Kxh3 69. Kf5 Kg3 70. Kxg5 h3 71. Kf6 $11) 67. e6 Nd8 68. e7 Nc6+
69. Ke3 Nxe7 70. Nxe7 g4 71. Nf5 (71. Kf2 g3+ 72. Kg1 h4 73. Nc6 g2 74. Nd4 Kg3
75. Nf5+ Kf4 76. Nxh4 Ke4 $11) 71... g3 {[%tqu "De","Kann Weiß sich noch
behaupten?","","","e3f3","",0,"f5d4","",5]} 72. Kf3 $2 (72. Nd4 $1 Kg4 73. Nf3
h4 74. Ke4 g2 (74... h3 75. Ne5+ Kg5 76. Kf3 g2 77. Kf2 Kf5 78. Nc4 $11) 75.
Ke3 Kg3 76. Ng1 h3 77. Ne2+ Kh2 78. Kf2 Kh1 79. Ng3+ Kh2 80. Ne2 $11) 72... g2
73. Ng3 (73. Kf2 Kh2 $19) 0-1

[Event "Tata Steel-B 82nd"]
[Site "Wijk aan Zee"]
[Date "2020.01.26"]
[Round "13"]
[White "Nihal, Sarin"]
[Black "Mamedov, Rauf"]
[Result "1-0"]
[WhiteElo "2618"]
[BlackElo "2659"]
[Annotator "Nihal,Sarin"]
[PlyCount "121"]
[EventDate "2020.01.11"]
[EventType "tourn"]
[EventRounds "13"]
[EventCountry "NED"]
[EventCategory "15"]
[SourceTitle "CBM 194"]
[Source "ChessBase"]
[SourceDate "2020.01.27"]
[SourceVersion "1"]
[SourceVersionDate "2020.01.27"]
[SourceQuality "1"]

1. d4 d5 2. Bf4 Bf5 3. e3 e6 4. Nf3 Nf6 5. c4 Bxb1 6. Qxb1 Bb4+ 7. Kd1 {
At first sight, it can look a bit scary with the king in the center. However,
White has two bishops and better control over the light squares. It also helps
that the center isn't fully open yet, and White can take his king to the
kingside with a couple of tempos. However, Black should be completely fine in
general. The usual plan for Black involves taking ..dxc4 and going ...c5 at a
favourable moment.} Be7 (7... Bd6 {is probably the main move here, where I was
inspired by the following game by the world champion, played in the same venue
a couple of years earlier:} 8. Bg5 h6 9. Bxf6 Qxf6 10. cxd5 exd5 11. e4 Be7 12.
Bb5+ c6 13. e5 Qf4 14. Bd3 c5 15. dxc5 Nc6 16. Qc1 Qb4 17. a3 Qxc5 18. Ke2 Nd4+
19. Nxd4 Qxd4 20. f4 O-O 21. Qd2 Qb6 22. Rhe1 f6 23. e6 Qxe6+ 24. Kf3 Qd7 25.
Rad1 Rad8 26. Qe3 Bd6 27. Bg6 f5 28. Qe6+ Qxe6 29. Rxe6 Bc5 30. Re5 Rf6 31.
Bxf5 Bd6 32. Rdxd5 Kf7 33. Re4 g6 34. Bg4 h5 35. Bh3 {and White converted, 1-0
Carlsen-So, Wijk aan Zee 2018. A very strong game by Magnus!}) 8. c5 {The main
idea is to close the center (with White's king being on d1). I felt that this
makes sense strategically and prevents a lot of black counterplay involved
with opening the center.} Ne4 9. Qc2 O-O 10. Bd3 ({I had considered} 10. h4 {
with the intention to prevent g5 related counterplay, but moves like} b6 {
worried me.}) (10. g4 {preparing Bd3 also caught my fancy for a moment,
however, it seemed a bit too much.}) 10... Nc6 $5 {I completely underestimated
this option of my opponent.} (10... g5 11. Bg3 f5 12. Ne5 {seemed a natural
way for Black to play and the position looked interesting. After the game, a
more recent online game of mine went} f4 13. f3 fxg3 14. hxg3 Bf6 15. fxe4 Bxe5
16. exd5 Qxd5 17. Bc4 {and Black resigned here.}) 11. Bxe4 (11. a3 {was my
initial intention, which seemed the most natural. However, now} g5 12. Bg3 f5 {
[%cal Gf5f4] seems stronger. Now f4 is a threat.} 13. Ne5 f4 (13... Nxe5 14.
Bxe5 Bf6 {is also an option for Black, and I didn't think Black was worse at
all.}) 14. Nxc6 bxc6 15. f3 (15. Bxe4 dxe4 16. Qxe4 Qd5) 15... fxg3 16. fxe4
Rf2 {seemed messy.}) 11... dxe4 12. Qxe4 (12. Ne5 Nb4 13. Qxe4 g5 14. Bg3 f5
15. Qxb7 Rb8 16. Qxa7 f4 {looked very dangerous for White.}) 12... Bxc5 13. Ke2
{While my opponent was thinking, possibilites starting with Ng5 already began
to evince my interest...} Bd6 (13... Be7 14. Rhd1 {seemed like an unpleasant
pressure.}) 14. Ng5 {It took me a really long time to convince myself to go
for this.} (14. Bg3 {was the safer alternative.}) 14... g6 15. Bxd6 cxd6 {
This was the critical move in my calculation. White no longer has a safe exit.
Therefore, it was important to make sure with a resonable degree of confidence
that the attack works, or it can backfire completely.} (15... Qxd6 {is the
best move according to Stockfish, but during the game I didn't pay much
attention to this move.} 16. Qh4 h5 17. g4 $40 ({And of course, White always
has the safe option to play} 17. Ne4 Qb4 18. Nf6+ Kg7 19. Nxh5+ $11)) 16. Qh4
h5 17. g4 Qb6 (17... Ne7 {was another move I had considered, with the
intention to drive the queen away from the h-file.} 18. gxh5 (18. Rhg1 Qb6 19.
gxh5 {also looked interesting to me.}) 18... Nf5 19. Qg4 Qb6 {also looked
messy to me, but apparently} 20. Rhd1 Qxb2+ 21. Kf1 {is just better for White.}
) 18. gxh5 Qb5+ 19. Ke1 (19. Kf3 f6 20. Nxe6 Qf5+ 21. Nf4 g5 22. Qh3 Nxd4+ 23.
exd4 Qxf4+ 24. Kg2 {was also leading to a good position for White, but I felt
that Ke1 was stronger.}) 19... Qxb2 (19... Nb4 20. hxg6 Nd3+ {I had initially
intended} 21. Kf1 {here, missing out on} (21. Ke2 {wins according to the
engine, but it is not easy to evaluate such things with complete confidence
from a distance.}) 21... Nf4+ 22. Kg1 Qxg5+ $1) 20. Rd1 Qb4+ 21. Kf1 Qb5+ 22.
Kg1 (22. Kg2 {runs into} f6 {when things aren't entirely clear.}) 22... Kg7 {
Here, I already saw that I could play 25.Kh2 and I just went for it.} (22...
Qf5 {loses to} 23. e4 Qf6 24. hxg6 Qxg6 25. Kf1) (22... gxh5 23. Qxh5 Qf5 {
Here I saw that I can simply liquidate into a won endgame:} 24. e4 Qg6 25.
Qxg6+ fxg6 26. Nxe6) 23. hxg6 (23. h6+ {would help Black's king hide behind
the white pawn:} Kh8) 23... Kxg6 24. Ne4 Rg8 25. h3 Qh5 (25... f5 26. Kh2) 26.
Qxh5+ Kxh5+ 27. Kh2 Kh4 28. Nxd6 Rad8 29. Nxb7 Rb8 30. Rb1 a5 31. a3 Ne7 32.
Nxa5 Ra8 33. Nc4 Nd5 34. Rhg1 f5 35. Rxg8 Rxg8 36. Nd2 {I was in time trouble
at this point, but nevertheless, I am not quite sure what I was thinking here.}
(36. Ne5 {directly would have been more efficient}) 36... Rc8 37. Nf3+ Kh5 38.
Rb2 Rc3 39. Ne5 Rxa3 40. Rc2 {Reaching the time control with a still won
position. The conversion from such points is also not to be taken for granted.
The position still demands accurate calculation of many short term variations.}
Kg5 41. Rc6 Ra2 42. Kg1 {By process of elimination.} (42. Rxe6 Nxe3 43. Nf3+ ({
or} 43. Nf7+ Kf4) 43... Kf4 {is an example of how things can still go wrong
for White.}) (42. Kg3 f4+ 43. exf4+ Nxf4 44. Nf7+ Kf6 45. Kxf4 Kxf7 {is also
probably winning, but it didn't look entirely clear to me.}) 42... Kf6 43. Nd7+
Kf7 44. Nc5 f4 (44... Rc2 {doesn't work due to} 45. Nxe6) 45. Rxe6 fxe3 46.
fxe3 Re2 47. e4 Nf4 48. Re5 Nxh3+ 49. Kf1 Rc2 50. Rh5 {Initially I thought
that this doesn't work due to Rc1+ and Nf4+, but later I saw that after Kd2
everything is under control.} Rc3 (50... Rc1+ 51. Ke2 Nf4+ 52. Kd2) 51. Ke2 Kg6
52. Rf5 Ng5 53. Rf1 Ra3 54. e5 Ra2+ 55. Kd3 Ra3+ 56. Kc4 Nf3 57. Kd5 Re3 58. e6
Kg7 59. Ne4 Rd3 60. Rxf3 Rxf3 61. e7 1-0

[Event "RUS-Cup3"]
[Site "Omsk"]
[Date "1996.??.??"]
[Round "4"]
[White "Vaulin, Alexander"]
[Black "Burmakin, Vladimir"]
[Result "1-0"]
[WhiteElo "2485"]
[BlackElo "2505"]
[Annotator "Notkin,M"]
[PlyCount "73"]
[EventDate "1996.12.13"]
[EventType "swiss"]
[EventRounds "9"]
[EventCountry "RUS"]
[SourceTitle "CBM 057"]
[Source "ChessBase"]
[SourceDate "1997.04.01"]
[SourceVersion "1"]
[SourceVersionDate "1997.04.01"]
[SourceQuality "1"]

1. g3 d5 2. Bg2 c6 3. Nf3 Bg4 4. O-O Nd7 5. d4 e6 6. Nbd2 Ngf6 7. Re1 Bd6 8. e4
dxe4 9. Nxe4 Nxe4 10. Rxe4 Nf6 (10... Bf5 11. Re1 Be7 12. c3 a5 13. Qb3 Qb6 14.
Ne5 a4 15. Nxd7 Qc7 16. Nf6+ Bxf6 17. Qc4 O-O 18. Bf4 Qb6 19. b4 $14 {
Dizdarevic,E-Bukal,V/Zadar/1995/1-0/48/}) 11. Bg5 (11. Re1 O-O 12. c3 Re8 13.
Qb3 Bxf3 (13... Qc7 14. Ne5 Bh5 15. Nc4 $14 {Speelman,J-Kharlov,A/Moscow/1995/
1-0/52/}) 14. Bxf3 Qb6 15. Bg5 Nd5 16. Re2 h6 17. Bd2 Red8 18. Kg2 $14 {
Drasko,M-Yagupov,I/Linares/1995/1-0/32/}) 11... Bf5 12. Re3 (12. Re1) 12... O-O
$6 (12... h6 13. Bxf6 (13. Nh4 Bh7 14. Bxf6 Qxf6 15. d5 cxd5 16. Qxd5 Qxb2 17.
Rae1 Be7 $15) 13... Qxf6 14. Ne5 Rd8 $10) 13. Nh4 h6 14. Nxf5 exf5 (14... hxg5
15. Nxd6 Qxd6 16. h3 $14) 15. Bxf6 Qxf6 16. Rb3 Rab8 17. c4 Rfd8 18. Rd3 c5 19.
Qa4 a6 (19... cxd4 20. Qxa7 Bf8 (20... Be7 21. Bxb7 Qd6 22. Bd5 $16) (20... b6
21. Rad1 Bc5 22. a3 $16) 21. Qa4 $14) 20. Rad1 cxd4 $2 (20... Be7 21. dxc5 (21.
Bd5 b5 $1) 21... Rxd3 22. Rxd3 Qxb2 23. Rd5 Bf6 $14) 21. Rxd4 f4 (21... Bc7 22.
Rxd8+ Bxd8 (22... Rxd8 23. Rxd8+ Bxd8 24. Bxb7 Qxb2 25. Qe8+ Kh7 26. Qxf7 $16)
23. Qe8+ Kh7 24. Rd7 $16) (21... Bc5 22. Rd5 $16 b6 (22... Qb6 23. Rxf5) (22...
b5 23. Qc2) 23. b4) 22. b4 b6 23. Qc6 Be5 24. Rxd8+ Rxd8 25. Rxd8+ Qxd8 26. Bd5
fxg3 27. hxg3 Bd4 28. Kg2 Qe7 $2 (28... Qf6 29. Qe8+ Kh7 30. f3 Qg6 31. g4 $1
$18) (28... a5 29. bxa5 bxa5 30. Qb7 $16) 29. Qa8+ Kh7 30. Bxf7 $1 Qxf7 31.
Qe4+ g6 32. Qxd4 h5 33. Qd5 Qc7 34. c5 bxc5 35. bxc5 Kg7 36. c6 Kf6 37. Qd4+ (
37. Qd4+ Ke6 (37... Ke7 38. Qg7+ Kd6 39. Qxg6+) 38. Qc4+ Kd6 39. Qxa6) 1-0